00735nam a2200193 i 450000100060000000300090000600500170001500700030003200800410003510000410007624500740011726000380019130000300022965100670025970000440032685200320037099900170040295201220041937880ES-MaACL20251120063128.0t|030224s1972 sp ||||1| spa d1 aBurgo, Jaime del, d1912-200593264110aNavarra / cpor Jaime del Burgo ; ilustraciones de Federico Lloveras. aBarcelona : bAlfaguara, c[1972] a148 p. : bil. ; c29 cm. 4aNavarra (Comunidad Autónoma)-vGuías turísticas.91469611 aLloveras, Frederic (d1912-1983)972936 aES-MaACLjC-51852 bR.85526 c37880d37880 00104070aATENEOMbATENEOMcDEPO2d2008-01-17eSCl0oC-51852p1039884r2023-02-23 00:00:00w2023-02-23yMONOGRAFIA